Hindu mythology/ (Record no. 160464)

MARC details
000 -LEADER
fixed length control field 00576nam a22001937a 4500
005 - DATE AND TIME OF LATEST TRANSACTION
control field 20190130151958.0
010 ## - LCCN (DPL NO)
LC control number ENG-124671
020 ## - INTERNATIONAL STANDARD BOOK NUMBER
International Standard Book Number 9789386078254
Terms of availability 670.00
035 ## - SYSTEM CONTROL NUMBER
System control number EN-108203
037 ## - SOURCE OF ACQUISITION
Source of stock number/acquisition DBAD/PUB
082 ## - DEWEY DECIMAL CLASSIFICATION NUMBER
Classification number 230.1
100 ## - MAIN ENTRY--PERSONAL NAME
Personal name Ajay Singh
245 ## - TITLE STATEMENT
Title Hindu mythology/
Statement of responsibility, etc by Ajay Singh
260 ## - PUBLICATION, DISTRIBUTION, ETC. (IMPRINT)
Place of publication, distribution, etc Delhi
Name of publisher, distributor, etc Prakashan Kendra
Date of publication, distribution, etc 2018
270 ## - ADDRESS
Address 1/11955, First Floor,Road No,6,Subhash Marg,Shahdara
City Delhi
Postal code 110032
300 ## - PHYSICAL DESCRIPTION
Extent 176p.
Dimensions 22cm (Hb)
500 ## - GENERAL NOTE
General note It includes bibliographical references
942 ## - ADDED ENTRY ELEMENTS (KOHA)
Source of classification or shelving scheme Dewey Decimal Classification
Item type English Books
Call number suffix AJA
Classification part 230.1
Holdings
Withdrawn status Lost status Not for loan Collection code Home library Current library Date acquired Source of acquisition Cost, normal purchase price Full call number Barcode Copy number Cost, replacement price Koha item type
    Not For Loan Non-fiction D.B.Act.Division Patel Nagar 30/01/2019 DBAD/PUB 670.00 230.1 AJA EN-108203 1 670.00 English Books

© Delhi Public Library
Hit Counter
free hit counter